[Event "4NCL"]
[Site "Barcelo Hotel, Daventry, ENG"]
[Date "2010.11.06"]
[Round "1.51"]
[White "Purton, Ben J"]
[Black "Cooksey, Paul S"]
[Result "1/2-1/2"]
[WhiteElo "2147"]
[BlackElo "2267"]
[PlyCount "27"]
[EventDate "2010.??.??"]
[WhiteTeam "Sambuca Black Sheep"]
[BlackTeam "Guildford A&DC 2"]

1. e4 c5 2. Nf3 e6 3. c4 a6 4. Nc3 Qc7 5. g3 b6 6. Bg2 Bb7 7. O-O Be7 8. Qe2
Nc6 9. d3 Bf6 10. Be3 Nge7 11. Rad1 Nd4 12. Bxd4 Bxd4 13. Nxd4 cxd4 14. Nb1
1/2-1/2

[Event "4NCL"]
[Site "Barcelo Hotel, Daventry, ENG"]
[Date "2010.11.06"]
[Round "1.52"]
[White "Thompson, Ian D"]
[Black "Edgell, Ben P"]
[Result "1-0"]
[WhiteElo "2268"]
[BlackElo "2109"]
[PlyCount "145"]
[EventDate "2010.??.??"]
[WhiteTeam "Guildford A&DC 2"]
[BlackTeam "Sambuca Black Sheep"]

1. c4 Nf6 2. Nc3 c5 3. g3 g6 4. Bg2 Bg7 5. Nf3 Nc6 6. d4 cxd4 7. Nxd4 Nxd4 8.
Qxd4 d6 9. O-O O-O 10. Qd3 Bf5 11. e4 Be6 12. Bd2 Ng4 13. b3 Rc8 14. Rac1 b6
15. Qe2 Ne5 16. Rfd1 Qd7 17. Be3 Rfe8 18. Qf1 f5 19. h3 fxe4 20. Nxe4 Qc7 21.
Qe2 Nf7 22. Bd4 Bh6 23. f4 Bd7 24. Bb2 Bc6 25. Nc3 Bxg2 26. Qxg2 Qc5+ 27. Kh2
Bg7 28. Ne4 Qf5 29. Bxg7 Kxg7 30. Rd5 e5 31. Rf1 Qe6 32. fxe5 dxe5 33. Qd2 Rc7
34. Rd1 Ree7 35. g4 Rc6 36. Rd7 Rc7 37. Rxc7 Rxc7 38. Qd5 Qe7 39. Kg3 Ng5 40.
Nxg5 Qxg5 41. Rf1 Qe7 42. Re1 Rc5 43. Qe4 Qd6 44. Re3 Qf6 45. Rf3 Qe7 46. Rd3
Qc7 47. a4 Rc6 48. Rd5 Rc5 49. Rd2 Rc6 50. Qd5 a5 51. Qd7+ Qxd7 52. Rxd7+ Kf6
53. Kf3 h6 54. Ke4 Re6 55. Rd5 Rc6 56. h4 Re6 57. c5 bxc5 58. Rxc5 Ra6 59. Rxe5
Ra7 60. g5+ hxg5 61. hxg5+ Kf7 62. Kd4 Ra8 63. Kc4 Rc8+ 64. Kb5 Rb8+ 65. Kxa5
Rxb3 66. Ka6 Rb1 67. a5 Rb2 68. Ka7 Rb1 69. Ka6 Rd1 70. Kb6 Rd6+ 71. Kc7 Rd1
72. a6 Ra1 73. Kb6 1-0

[Event "4NCL"]
[Site "Barcelo Hotel, Daventry, ENG"]
[Date "2010.11.06"]
[Round "1.53"]
[White "Russell, Christopher"]
[Black "Anderton, Matthew N"]
[Result "0-1"]
[WhiteElo "2086"]
[BlackElo "2227"]
[PlyCount "62"]
[EventDate "2010.??.??"]
[WhiteTeam "Sambuca Black Sheep"]
[BlackTeam "Guildford A&DC 2"]

1. e4 e6 2. d4 d5 3. Nc3 Bb4 4. Nge2 Nc6 5. a3 Ba5 6. e5 f6 7. exf6 Qxf6 8. Be3
Nge7 9. Qd2 O-O 10. O-O-O Bd7 11. h4 Nf5 12. Bg5 Qf7 13. Be3 a6 14. g4 Nd6 15.
Bg2 b5 16. g5 Nc4 17. Qe1 b4 18. axb4 Nxb4 19. h5 Qf5 20. Rd2 Nxd2 21. Qxd2
Na2+ 22. Kb1 Nxc3+ 23. Nxc3 Rab8 24. Bh3 Qf3 25. Rh2 c5 26. Bg2 Bxc3 27. Qxc3
Qd1+ 28. Ka2 Rb4 29. b3 cxd4 30. Qxb4 Qxc2+ 31. Ka1 dxe3 0-1

[Event "4NCL"]
[Site "Barcelo Hotel, Daventry, ENG"]
[Date "2010.11.06"]
[Round "1.54"]
[White "Meyer, Gordon"]
[Black "Harley-Yeo, Gareth"]
[Result "0-1"]
[WhiteElo "2166"]
[BlackElo "2003"]
[PlyCount "73"]
[EventDate "2010.??.??"]
[WhiteTeam "Guildford A&DC 2"]
[BlackTeam "Sambuca Black Sheep"]

1. Nc3 c5 2. e4 e6 3. Nf3 a6 4. d4 cxd4 5. Nxd4 Nc6 6. Nxc6 bxc6 7. Bd3 Qc7 8.
O-O Nf6 9. Qe2 d6 10. e5 dxe5 11. b3 Nd5 12. Nxd5 cxd5 13. c4 e4 14. Bc2 Bd6
15. cxd5 Bxh2+ 16. Kh1 Be5 17. dxe6 f5 18. Ba3 Bxa1 19. Rxa1 Bxe6 20. Bxe4 fxe4
21. Qxe4 Kf7 22. Qf3+ Kg6 23. Rc1 Qe5 24. Rc5 Qd4 25. Qh5+ Kf6 26. Qg5+ Kf7 27.
Rc7+ Kg8 28. Re7 Qf6 29. Qe3 Bf7 30. Bb2 Qh4+ 31. Kg1 Qh5 32. Qd4 Qg6 33. f4
Re8 34. f5 Qf6 35. Qg4 Qxb2 36. Rxe8+ Bxe8 37. Qc4+ {White overstepped the
time limit} 0-1

[Event "4NCL"]
[Site "Barcelo Hotel, Daventry, ENG"]
[Date "2010.11.06"]
[Round "1.55"]
[White "McCullough, Simon L"]
[Black "Singleton, Michael PF"]
[Result "1-0"]
[WhiteElo "2021"]
[BlackElo "2162"]
[PlyCount "91"]
[EventDate "2010.??.??"]
[WhiteTeam "Sambuca Black Sheep"]
[BlackTeam "Guildford A&DC 2"]

1. e4 c5 2. Nf3 d6 3. d4 cxd4 4. Nxd4 Nf6 5. Nc3 g6 6. Be3 Bg7 7. f3 Nc6 8. Qd2
O-O 9. O-O-O d5 10. exd5 Nxd5 11. Nxc6 bxc6 12. Nxd5 cxd5 13. Qxd5 Qc7 14. Qc5
Qb7 15. Qa3 Bf5 16. Bd4 Rfc8 17. Bd3 Bxd4 18. Bxf5 Bxb2+ 19. Qxb2 Qxb2+ 20.
Kxb2 gxf5 21. Rd7 Kf8 22. Re1 e6 23. Re3 Rd8 24. Red3 Ke8 25. Rb7 a6 26. a4
Rdb8 27. Rdb3 Rxb7 28. Rxb7 Rd8 29. Rb6 Ra8 30. c4 Ke7 31. Kc3 Ra7 32. c5 Kd7
33. Kd4 f6 34. f4 a5 35. Kc4 Ke7 36. g3 h5 37. Kb5 Rc7 38. Ra6 e5 39. fxe5 fxe5
40. Kc4 Rd7 41. Rh6 Rd4+ 42. Kb5 e4 43. Rxh5 Kf6 44. c6 Rd1 45. c7 Rc1 46. Rh6+
1-0

[Event "4NCL"]
[Site "Barcelo Hotel, Daventry, ENG"]
[Date "2010.11.06"]
[Round "1.56"]
[White "Hunt, Daniel"]
[Black "Coddington, Oliver ED"]
[Result "1-0"]
[WhiteElo "2035"]
[BlackElo "1981"]
[PlyCount "63"]
[EventDate "2010.??.??"]
[WhiteTeam "Guildford A&DC 2"]
[BlackTeam "Sambuca Black Sheep"]

1. e4 d6 2. d4 Nf6 3. Nc3 c6 4. Nf3 Bg4 5. Be3 Qa5 6. Qd2 e5 7. O-O-O Nbd7 8.
Kb1 b5 9. Bd3 b4 10. Ne2 c5 11. dxe5 dxe5 12. Bc4 Bxf3 13. gxf3 Nb6 14. Bb3 Rc8
15. Rhg1 Be7 16. c3 c4 17. Bc2 g6 18. Bh6 Nfd7 19. f4 Rb8 20. Rg3 b3 21. axb3
cxb3 22. Bxb3 Nc5 23. Ba2 Nxe4 24. Qc2 Nxg3 25. Qb3 Nd7 26. Qxf7+ Kd8 27. hxg3
Qb5 28. Rd2 Re8 29. fxe5 Qxe5 30. Bf4 Qe4+ 31. Kc1 Rb6 32. Nd4 1-0

[Event "4NCL"]
[Site "Barcelo Hotel, Daventry, ENG"]
[Date "2010.11.06"]
[Round "1.57"]
[White "Willis, Rupert"]
[Black "Punnett, Alan K"]
[Result "0-1"]
[WhiteElo "1978"]
[BlackElo "2087"]
[PlyCount "138"]
[EventDate "2010.??.??"]
[WhiteTeam "Sambuca Black Sheep"]
[BlackTeam "Guildford A&DC 2"]

1. c4 f5 2. Nc3 Nf6 3. g3 g6 4. Bg2 Bg7 5. d3 O-O 6. e4 fxe4 7. dxe4 Nc6 8.
Nge2 Ne5 9. O-O c6 10. b3 d6 11. h3 Bd7 12. Be3 Qa5 13. Qc2 Rac8 14. Rab1 b5
15. f4 Nf7 16. b4 Qa6 17. c5 d5 18. e5 Bf5 19. Qb3 Bxb1 20. exf6 Bxa2 21. Nxa2
exf6 22. Bd4 Rfe8 23. Nac1 Qb7 24. Qc3 Qe7 25. Rf2 Nh6 26. g4 f5 27. g5 Bxd4
28. Qxd4 Nf7 29. Nb3 Rc7 30. Na5 Nd8 31. Bf3 Qe3 32. Kg2 Qxd4 33. Nxd4 Kf8 34.
Ra2 Ke7 35. Kf2 Kd7 36. h4 Re7 37. Nab3 Ne6 38. Nxe6 Rxe6 39. Nd2 Kc8 40. Nb3
Re8 41. Nd4 Kb7 42. h5 Rce7 43. hxg6 hxg6 44. Nxc6 Kxc6 45. Ra6+ Kb7 46. Rxg6
Rd8 47. Rf6 Kc7 48. Rxf5 d4 49. Rf6 d3 50. Ra6 Kb8 51. g6 d2 52. Rd6 Kc7 53. f5
Rxd6 54. cxd6+ Kxd6 55. f6 Re6 56. g7 d1=Q 57. g8=Q Qd4+ 58. Kg2 Rxf6 59. Qd8+
Ke5 60. Qe8+ Kf4 61. Qh5 Ke3 62. Qg5+ Kd3 63. Qxb5+ Kc3 64. Qg5 Kxb4 65. Qg7 a5
66. Qb7+ Rb6 67. Qe7+ Kb3 68. Qe1 Rg6+ 69. Kh1 Qh8+ 0-1

[Event "4NCL"]
[Site "Barcelo Hotel, Daventry, ENG"]
[Date "2010.11.06"]
[Round "1.58"]
[White "Dines, Sheila J"]
[Black "Nettleton, Charlie B"]
[Result "0-1"]
[WhiteElo "1936"]
[BlackElo "1824"]
[PlyCount "80"]
[EventDate "2010.??.??"]
[WhiteTeam "Guildford A&DC 2"]
[BlackTeam "Sambuca Black Sheep"]

1. e4 e6 2. d4 d5 3. Nc3 Bb4 4. a3 Bxc3+ 5. bxc3 Nf6 6. e5 Nfd7 7. Qg4 Kf8 8.
f4 c5 9. Nf3 Nc6 10. Bd3 c4 11. Be2 Qa5 12. Bd2 Ne7 13. O-O Nb6 14. Qh5 h6 15.
g4 Bd7 16. Kh1 g6 17. Qh4 Ng8 18. Qh3 Nc8 19. Nh4 Nce7 20. a4 Rc8 21. Bc1 Ke8
22. Ba3 g5 23. Bxe7 Nxe7 24. Ng2 Ng6 25. f5 Ne7 26. Ne3 Qxc3 27. fxe6 Bxe6 28.
Rad1 Ng6 29. Rf3 Nf4 30. Qf1 Qb4 31. Ng2 Nxg2 32. Kxg2 Qxa4 33. Rf2 Qd7 34. h3
a5 35. Qh1 a4 36. Kg1 Kd8 37. Qf3 Qe7 38. Ra1 b5 39. Qc3 b4 40. Qd2 Ra8 0-1

[Event "4NCL"]
[Site "Barcelo Hotel, Daventry, ENG"]
[Date "2010.11.06"]
[Round "1.61"]
[White "McMichael, Richard J"]
[Black "Rudd, Jack"]
[Result "1-0"]
[WhiteElo "2285"]
[BlackElo "2251"]
[PlyCount "43"]
[EventDate "2010.??.??"]
[WhiteTeam "Kings Head"]
[BlackTeam "Bristol 1"]

1. d4 Nf6 2. Nf3 e6 3. Bg5 Be7 4. Nbd2 c5 5. e3 Nc6 6. c3 b6 7. Bd3 Bb7 8. O-O
O-O 9. a3 d6 10. e4 e5 11. dxe5 dxe5 12. Nc4 Ng4 13. Bxe7 Qxe7 14. h3 Nf6 15.
Ne3 Rfd8 16. Qe2 g6 17. Rad1 Na5 18. b4 cxb4 19. axb4 Nc6 20. Qa2 Qc7 21. Ng5
Qe7 22. Nxf7 1-0

[Event "4NCL"]
[Site "Barcelo Hotel, Daventry, ENG"]
[Date "2010.11.06"]
[Round "1.62"]
[White "Beaumont, Chris R"]
[Black "Spivack, Simon SY"]
[Result "1-0"]
[WhiteElo "2307"]
[BlackElo "2189"]
[PlyCount "67"]
[EventDate "2010.??.??"]
[WhiteTeam "Bristol 1"]
[BlackTeam "Kings Head"]

1. Nf3 Nf6 2. c4 d6 3. d4 g6 4. g3 Bg7 5. Bg2 O-O 6. Nc3 c5 7. O-O Nc6 8. dxc5
dxc5 9. Be3 Qa5 10. Nd2 Ng4 11. Bg5 h6 12. Nb3 Qa6 13. Bf4 Rd8 14. Qc1 Qxc4 15.
Nd5 Qxc1 16. Raxc1 e5 17. Bd2 Be6 18. Rxc5 Bf8 19. Rc4 f5 20. e4 Ne7 21. Nxe7+
Bxe7 22. Rc7 Bxb3 23. axb3 Rxd2 24. Rxe7 Rxb2 25. Rxb7 f4 26. h3 Nf6 27. gxf4
exf4 28. e5 Nh5 29. Bd5+ Kf8 30. Rc1 f3 31. Rcc7 Rb1+ 32. Kh2 Rf1 33. Rf7+ Ke8
34. Bc6+ 1-0

[Event "4NCL"]
[Site "Barcelo Hotel, Daventry, ENG"]
[Date "2010.11.06"]
[Round "1.63"]
[White "Wittmann, Jochen"]
[Black "Buckley, David E"]
[Result "0-1"]
[WhiteElo "2202"]
[BlackElo "2237"]
[PlyCount "94"]
[EventDate "2010.??.??"]
[WhiteTeam "Kings Head"]
[BlackTeam "Bristol 1"]

1. e4 Nf6 2. Nc3 d5 3. e5 Nfd7 4. e6 fxe6 5. d4 c5 6. Nf3 Nc6 7. Be3 e5 8. dxe5
d4 9. e6 Nf6 10. Ng5 dxc3 11. Bc4 cxb2 12. Rb1 Qxd1+ 13. Rxd1 a6 14. a4 b1=Q
15. Rxb1 Ne5 16. Be2 h6 17. Nf3 Nxf3+ 18. Bxf3 Bxe6 19. Bxb7 Rd8 20. Bxc5 Bc4
21. Rb4 Bd5 22. Bxa6 e6 23. Bxf8 Rxf8 24. O-O Ke7 25. c4 Be4 26. c5 Rb8 27. Bb5
Rfc8 28. Rc1 Bc6 29. Rbb1 Nd7 30. Kf1 Bxb5+ 31. axb5 Rxc5 32. Rxc5 Nxc5 33. Ke2
Rb6 34. Ke3 e5 35. f4 exf4+ 36. Kxf4 Ne6+ 37. Kg4 g6 38. h4 Nd4 39. Re1+ Kf6
40. Rf1+ Ke6 41. Re1+ Kf7 42. Rf1+ Kg7 43. Rd1 Nxb5 44. Rd7+ Kf6 45. Rh7 h5+
46. Kf4 Nd6 47. Rd7 Nf5 0-1

[Event "4NCL"]
[Site "Barcelo Hotel, Daventry, ENG"]
[Date "2010.11.06"]
[Round "1.64"]
[White "Collier, David O"]
[Black "Thomas, Rik H"]
[Result "0-1"]
[WhiteElo "2115"]
[BlackElo "2197"]
[PlyCount "60"]
[EventDate "2010.??.??"]
[WhiteTeam "Bristol 1"]
[BlackTeam "Kings Head"]

1. d4 g6 2. c4 Bg7 3. Nc3 d6 4. e4 Nc6 5. Be3 e5 6. d5 Nce7 7. Bd3 f5 8. exf5
Nxf5 9. Bxf5 Bxf5 10. Nge2 Nf6 11. Ng3 O-O 12. f3 e4 13. Nxf5 gxf5 14. O-O exf3
15. gxf3 Nd7 16. Qd2 Ne5 17. Bg5 Qe8 18. Qf4 Qh5 19. Kh1 h6 20. Be7 Rf7 21. Qh4
Qxh4 22. Bxh4 Nxc4 23. Rg1 Kh7 24. Be1 Re8 25. b3 Ne5 26. Rf1 Nd3 27. Bd2 Bd4
28. h3 Rg7 29. Rab1 Nf2+ 30. Kh2 Reg8 0-1

[Event "4NCL"]
[Site "Barcelo Hotel, Daventry, ENG"]
[Date "2010.11.06"]
[Round "1.65"]
[White "Mackenzie, Colin"]
[Black "Curtis, John E"]
[Result "0-1"]
[WhiteElo "2118"]
[BlackElo "2123"]
[PlyCount "69"]
[EventDate "2010.??.??"]
[WhiteTeam "Kings Head"]
[BlackTeam "Bristol 1"]

1. c4 e5 2. g3 Nc6 3. Bg2 g6 4. Nc3 Bg7 5. e4 d6 6. d3 Nge7 7. Nge2 O-O 8. O-O
Be6 9. Nd5 Qd7 10. Bg5 f6 11. Be3 f5 12. Qd2 Nd4 13. Nxe7+ Qxe7 14. Bxd4 exd4
15. exf5 Bxf5 16. Bxb7 Rab8 17. Bg2 Qf6 18. h3 h5 19. Rad1 g5 20. b3 Rbe8 21.
Nxd4 Qxd4 22. Qxg5 Re5 23. Qxh5 Be6 24. Qg6 Bf7 25. Qg4 Qxg4 26. hxg4 Re2 27.
d4 Rxa2 28. f4 c5 29. dxc5 dxc5 30. Bd5 Bd4+ 31. Kh1 Kg7 32. Rxd4 cxd4 33. Rd1
Re8 34. f5 d3 35. g5 0-1

[Event "4NCL"]
[Site "Barcelo Hotel, Daventry, ENG"]
[Date "2010.11.06"]
[Round "1.66"]
[White "Dilleigh, Stephen P"]
[Black "Stevenson, James AB"]
[Result "0-1"]
[WhiteElo "2110"]
[BlackElo "2097"]
[PlyCount "126"]
[EventDate "2010.??.??"]
[WhiteTeam "Bristol 1"]
[BlackTeam "Kings Head"]

1. d4 Nf6 2. c4 e5 3. dxe5 Ng4 4. Nf3 Bc5 5. e3 Nc6 6. Nc3 Ngxe5 7. Nxe5 Nxe5
8. Be2 O-O 9. O-O a5 10. Na4 Be7 11. b3 Bf6 12. Bb2 d6 13. Qd2 Bd7 14. Nc3 g6
15. Rad1 Bc6 16. Nd5 Bg7 17. Bc3 b6 18. Qb2 f6 19. f4 Nd7 20. Bf3 Nb8 21. e4
Bxd5 22. Rxd5 Nd7 23. Re1 Qe7 24. e5 fxe5 25. fxe5 Nxe5 26. Rdxe5 dxe5 27. Bd5+
Kh8 28. Bxa8 Rxa8 29. Bxe5 Kg8 30. Qd4 Rd8 31. Qe4 Qc5+ 32. Qe3 Qxe3+ 33. Rxe3
Re8 34. Bxg7 Rxe3 35. Bh6 Re2 36. Bf4 c6 37. Bc7 b5 38. cxb5 cxb5 39. a4 bxa4
40. bxa4 Ra2 41. Bxa5 Rxa4 42. Bc7 Ra2 43. h4 Kf7 44. Kh2 Ke6 45. Kh3 Kf5 46.
g3 Ra3 47. Bd6 Rf3 48. Bc7 h6 49. Bd6 g5 50. hxg5 hxg5 51. Bc7 g4+ 52. Kg2 Rc3
53. Bf4 Ke4 54. Bd6 Rc2+ 55. Kg1 Kf3 56. Bf4 Rb2 57. Be5 Rb1+ 58. Kh2 Kf2 59.
Bd4+ Kf1 60. Bf6 Rb7 61. Bg5 Rh7+ 62. Bh4 Kf2 63. Kh1 Rxh4+ 0-1

[Event "4NCL"]
[Site "Barcelo Hotel, Daventry, ENG"]
[Date "2010.11.06"]
[Round "1.68"]
[White "Maroroa, Sue"]
[Black "Ehr, Jennifer"]
[Result "1-0"]
[WhiteElo "1981"]
[BlackElo "1507"]
[PlyCount "47"]
[EventDate "2010.??.??"]
[WhiteTeam "Bristol 1"]
[BlackTeam "Kings Head"]

1. e4 e5 2. Nf3 Nf6 3. Nxe5 d6 4. Nf3 Nxe4 5. c4 c6 6. Nc3 Nxc3 7. dxc3 Be7 8.
Bd3 O-O 9. Qc2 h6 10. Be3 Nd7 11. O-O-O Qa5 12. Kb1 Ne5 13. Nxe5 dxe5 14. f4
exf4 15. Bxf4 Be6 16. Qe2 Bg5 17. Bg3 Bf5 18. h4 Bxd3+ 19. Rxd3 Bf6 20. Rf1
Rfe8 21. Qg4 Re6 22. Bf4 Kh7 23. Rd7 Re7 24. Bc7 1-0

[Event "4NCL"]
[Site "Barcelo Hotel, Daventry, ENG"]
[Date "2010.11.06"]
[Round "1.71"]
[White "Yeo, Michael J"]
[Black "Webb, Richard M"]
[Result "1/2-1/2"]
[WhiteElo "2183"]
[BlackElo "2268"]
[PlyCount "26"]
[EventDate "2010.??.??"]
[WhiteTeam "Wessex 1"]
[BlackTeam "AMCA Dragons"]

1. d4 Nf6 2. c4 g6 3. Nc3 d5 4. Bf4 Bg7 5. e3 c5 6. dxc5 Qa5 7. Qa4+ Qxa4 8.
Nxa4 Ne4 9. f3 Bd7 10. fxe4 Bxa4 11. cxd5 Bxb2 12. Rb1 Bc3+ 13. Kf2 Nd7 1/2-1/2

[Event "4NCL"]
[Site "Barcelo Hotel, Daventry, ENG"]
[Date "2010.11.06"]
[Round "1.72"]
[White "Frostick, Clive A"]
[Black "Rutter, Nick J"]
[Result "1/2-1/2"]
[WhiteElo "2162"]
[BlackElo "2191"]
[PlyCount "93"]
[EventDate "2010.??.??"]
[WhiteTeam "AMCA Dragons"]
[BlackTeam "Wessex 1"]

1. e4 c5 2. Nc3 e6 3. Nf3 Nc6 4. d4 cxd4 5. Nxd4 Nf6 6. Ndb5 d6 7. Bf4 e5 8.
Bg5 a6 9. Na3 b5 10. Bxf6 gxf6 11. Nd5 f5 12. c3 Bg7 13. exf5 Bxf5 14. Nc2 O-O
15. Nce3 Be6 16. g3 Rb8 17. Bg2 b4 18. O-O bxc3 19. bxc3 Ne7 20. Qa4 Nxd5 21.
Bxd5 a5 22. Rab1 Qc7 23. c4 Bh6 24. Qa3 Kh8 25. Rxb8 Rxb8 26. Rd1 Bxe3 27. Qxe3
Bxd5 28. Rxd5 Qxc4 29. Rxd6 f6 30. Kg2 Rf8 31. Qd2 Qe4+ 32. f3 Qb4 33. Qd5 Qb2+
34. Kh3 Qb1 35. Qxa5 Qf1+ 36. Kh4 Qg2 37. Qd2 Qxf3 38. Qh6 Qe4+ 39. g4 Kg8 40.
Rxf6 Rxf6 41. Qxf6 Qe2 42. Qe6+ Kg7 43. h3 e4 44. Qe5+ Kg8 45. Qg5+ Kf7 46.
Qf5+ Kg7 47. Qe5+ 1/2-1/2

[Event "4NCL"]
[Site "Barcelo Hotel, Daventry, ENG"]
[Date "2010.11.06"]
[Round "1.73"]
[White "Lock, Gavin R"]
[Black "Coates, Kenneth G"]
[Result "1-0"]
[WhiteElo "2198"]
[BlackElo "2199"]
[PlyCount "81"]
[EventDate "2010.??.??"]
[WhiteTeam "Wessex 1"]
[BlackTeam "AMCA Dragons"]

1. d4 d5 2. Nf3 Nf6 3. c4 c6 4. Nc3 dxc4 5. a4 Bf5 6. Ne5 Nbd7 7. Nxc4 Qc7 8.
g3 e5 9. dxe5 Nxe5 10. Bf4 Rd8 11. Qc1 Nfd7 12. Bxe5 Nxe5 13. Qf4 Bd6 14. Qxf5
Nxc4 15. Qe4+ Ne5 16. f4 O-O 17. fxe5 Bxe5 18. Bg2 Rfe8 19. Qc2 Qb6 20. Rd1
Rxd1+ 21. Kxd1 Qe3 22. Qd2 Qf2 23. Bf3 h5 24. Kc2 h4 25. gxh4 Qxh4 26. Qe3 Re6
27. Qe4 Qf2 28. Qc4 a6 29. h4 b5 30. axb5 axb5 31. Qd3 Qc5 32. Kb1 b4 33. Ne4
Qa5 34. Rd1 Re8 35. Ng5 Ra8 36. Qb3 Bf6 37. Qxf7+ Kh8 38. Qh5+ Kg8 39. Qf7+ Kh8
40. Qb3 Qf5+ 41. Be4 1-0

[Event "4NCL"]
[Site "Barcelo Hotel, Daventry, ENG"]
[Date "2010.11.06"]
[Round "1.74"]
[White "Richardson, Keith B"]
[Black "Simons, Martin J"]
[Result "1/2-1/2"]
[WhiteElo "2135"]
[BlackElo "2178"]
[PlyCount "51"]
[EventDate "2010.??.??"]
[WhiteTeam "AMCA Dragons"]
[BlackTeam "Wessex 1"]

1. c4 e5 2. Nc3 Nc6 3. g3 f5 4. Bg2 Nf6 5. e3 Be7 6. Nge2 O-O 7. O-O d6 8. d3
Qe8 9. Nd5 Bd8 10. Nec3 Ne7 11. Nxf6+ Rxf6 12. b4 c6 13. a4 Be6 14. b5 Qf7 15.
a5 e4 16. a6 bxa6 17. bxc6 Rc8 18. dxe4 Bxc4 19. exf5 Bxf1 20. Qxf1 d5 21. Bb2
Rfxc6 22. Qd3 Qf6 23. Na4 Qf7 24. Nc3 Qf6 25. Na4 Qf7 26. Nc3 1/2-1/2

[Event "4NCL"]
[Site "Barcelo Hotel, Daventry, ENG"]
[Date "2010.11.06"]
[Round "1.75"]
[White "Neil, David R"]
[Black "Holland, James P"]
[Result "0-1"]
[WhiteElo "2154"]
[BlackElo "2034"]
[PlyCount "62"]
[EventDate "2010.??.??"]
[WhiteTeam "Wessex 1"]
[BlackTeam "AMCA Dragons"]

1. c4 e6 2. g3 d5 3. Bg2 Nf6 4. Nf3 Be7 5. O-O O-O 6. d4 c5 7. cxd5 exd5 8.
dxc5 Bxc5 9. Bg5 Nc6 10. Nc3 d4 11. Bxf6 Qxf6 12. Ne4 Qe7 13. Nxc5 Qxc5 14. Rc1
Qb6 15. Qc2 Re8 16. Ng5 g6 17. Ne4 Bf5 18. Nf6+ Kh8 19. Qd2 Re6 20. Nd5 Qd8 21.
Rfd1 Be4 22. Nf4 Re7 23. b4 Bxg2 24. Kxg2 g5 25. Nd3 Qd5+ 26. Kg1 b6 27. Qb2
Rae8 28. Rd2 f6 29. b5 Ne5 30. Nb4 Qxb5 31. Qxd4 Nf3+ 0-1

[Event "4NCL"]
[Site "Barcelo Hotel, Daventry, ENG"]
[Date "2010.11.06"]
[Round "1.76"]
[White "Bridge, Neil A"]
[Black "de Coverly, Roger D"]
[Result "1/2-1/2"]
[WhiteElo "2114"]
[BlackElo "2082"]
[PlyCount "74"]
[EventDate "2010.??.??"]
[WhiteTeam "AMCA Dragons"]
[BlackTeam "Wessex 1"]

1. d4 Nf6 2. c4 e6 3. g3 d5 4. Nf3 Be7 5. Bg2 O-O 6. O-O dxc4 7. Qc2 a6 8. Qxc4
b5 9. Qc2 Bb7 10. Bf4 Nd5 11. Rc1 Nc6 12. Bd2 Rc8 13. a3 Ba8 14. h4 Nf6 15. e3
Nb8 16. Ba5 Qe8 17. Qd1 c5 18. dxc5 Rxc5 19. Nbd2 Rxc1 20. Rxc1 Nc6 21. Bb6 Qb8
22. Bc5 Rc8 23. Nb3 h6 24. Bxe7 Nxe7 25. Rxc8+ Qxc8 26. Nfd4 Bxg2 27. Kxg2 Qd7
28. Qf3 e5 29. Qa8+ Kh7 30. Nf3 Qd1 31. Nfd2 Qe2 32. Qf3 Qd3 33. e4 Qd7 34. Qc3
Ng6 35. Qf3 Ne7 36. Qe3 Ng6 37. Qf3 Ne7 1/2-1/2

[Event "4NCL"]
[Site "Barcelo Hotel, Daventry, ENG"]
[Date "2010.11.06"]
[Round "1.77"]
[White "Thilaganathan, Jessica"]
[Black "Purdon, Colin"]
[Result "0-1"]
[WhiteElo "1888"]
[BlackElo "2074"]
[PlyCount "96"]
[EventDate "2010.??.??"]
[WhiteTeam "Wessex 1"]
[BlackTeam "AMCA Dragons"]

1. d4 d5 2. c4 c6 3. Nc3 dxc4 4. e4 e5 5. d5 Nf6 6. Bg5 Bb4 7. Bxf6 Qxf6 8.
Bxc4 O-O 9. Qf3 Nd7 10. dxc6 bxc6 11. Nge2 Nb6 12. Qxf6 gxf6 13. Bb3 a5 14. a3
Bc5 15. Na4 Nxa4 16. Bxa4 Rb8 17. Rc1 Ba7 18. b3 Be6 19. Rc3 Rfd8 20. O-O Rd2
21. Nc1 Rbd8 22. b4 axb4 23. axb4 R2d4 24. Bxc6 Rxb4 25. h3 Rd2 26. Nd3 Rc4 27.
Rfc1 Rxc6 28. Rxc6 Rxd3 29. Ra1 Bd4 30. Ra8+ Kg7 31. Rc2 f5 32. exf5 Bxf5 33.
Re2 Be6 34. Kh2 f5 35. Re8 Bf7 36. Rd8 e4 37. g3 Bc3 38. Rc8 Be5 39. Rc5 Kf6
40. Ra5 Bh5 41. Rc2 Bf3 42. Rc1 Rd2 43. Kg1 Bd4 44. Rc6+ Kg5 45. g4 Rd1+ 46.
Kh2 Rh1+ 47. Kg3 Rg1+ 48. Kh2 Rg2+ 0-1

[Event "4NCL"]
[Site "Barcelo Hotel, Daventry, ENG"]
[Date "2010.11.06"]
[Round "1.78"]
[White "McLaughlin, Noel S"]
[Black "McGiff, Aidan Y"]
[Result "0-1"]
[WhiteElo "2042"]
[BlackElo "1822"]
[PlyCount "82"]
[EventDate "2010.??.??"]
[WhiteTeam "AMCA Dragons"]
[BlackTeam "Wessex 1"]

1. Nf3 e6 2. c4 b6 3. g3 Bb7 4. Bg2 c5 5. b3 Be7 6. Nc3 d6 7. Bb2 Nd7 8. d4 a6
9. e4 Bf6 10. O-O Ne7 11. Re1 g6 12. e5 dxe5 13. dxe5 Bg7 14. Ne4 Bxe4 15. Rxe4
O-O 16. Qe2 Qc7 17. Rd1 Rad8 18. Re3 Nc6 19. Re1 Rfe8 20. Bc3 Re7 21. g4 Ndb8
22. Rd3 Red7 23. Rxd7 Nxd7 24. Qe4 Rc8 25. Bf1 Rb8 26. h4 Rc8 27. Bd3 Rd8 28.
Bc2 b5 29. cxb5 axb5 30. a4 b4 31. Bb2 Nb6 32. h5 Rd5 33. Bd3 Na5 34. Bc4 Naxc4
35. bxc4 Rd8 36. Ra1 Qd7 37. Qc2 Qd3 38. Qxd3 Rxd3 39. a5 Nxc4 40. a6 Rd8 41.
Bc1 Nxe5 0-1

[Event "4NCL"]
[Site "Barcelo Hotel, Daventry, ENG"]
[Date "2010.11.06"]
[Round "1.81"]
[White "Posazhennikov, Alex"]
[Black "Ashton, Adam G"]
[Result "0-1"]
[WhiteElo "2233"]
[BlackElo "2330"]
[PlyCount "122"]
[EventDate "2010.??.??"]
[WhiteTeam "Poisoned Pawns 1"]
[BlackTeam "3Cs 1"]

1. d4 d5 2. c4 e6 3. Nc3 c6 4. e4 dxe4 5. Nxe4 Bb4+ 6. Bd2 Qxd4 7. Bxb4 Qxe4+
8. Be2 Na6 9. Ba3 Ne7 10. Nf3 c5 11. O-O O-O 12. Qd2 f6 13. Rfe1 e5 14. Bd3 Qc6
15. Be4 Qc7 16. Rad1 Bg4 17. Qd6 Rac8 18. h3 Bh5 19. b3 b6 20. g4 Bg6 21. Qe6+
Bf7 22. Qd7 Rfd8 23. Qxc7 Nxc7 24. Nh4 Ne6 25. Nf5 Nxf5 26. Bxf5 Rxd1 27. Rxd1
Rd8 28. Rxd8+ Nxd8 29. Be4 Ne6 30. Bc1 Nd4 31. Kf1 Bg6 32. Bd5+ Kf8 33. Bd2 Bb1
34. b4 Bxa2 35. bxc5 bxc5 36. f4 Ke7 37. Bg8 h6 38. g5 hxg5 39. fxg5 Ne6 40.
gxf6+ gxf6 41. h4 Bxc4+ 42. Kf2 Bd3 43. h5 Nf8 44. Be3 Kd6 45. Bh6 Nh7 46. Ke3
c4 47. Kd2 Ng5 48. Bxg5 fxg5 49. h6 Kc5 50. Kc3 g4 51. Bxc4 Bh7 52. Be6 g3 53.
Bh3 a5 54. Kd2 Kd4 55. Ke2 e4 56. Bd7 Kc3 57. Bb5 a4 58. Bxa4 g2 59. Kf2 e3+
60. Kxg2 e2 61. Kf2 Kd2 0-1

[Event "4NCL"]
[Site "Barcelo Hotel, Daventry, ENG"]
[Date "2010.11.06"]
[Round "1.81"]
[White "Walton, Alan J"]
[Black "Dunn, Andrew"]
[Result "1-0"]
[WhiteElo "2152"]
[BlackElo "2222"]
[PlyCount "74"]
[EventDate "2010.??.??"]
[WhiteTeam "3Cs 1"]
[BlackTeam "Poisoned Pawns 1"]

1. d4 d5 2. c4 e6 3. Nc3 Be7 4. Bf4 Nf6 5. Nf3 O-O 6. h3 c5 7. e3 Nc6 8. cxd5
exd5 9. Bd3 cxd4 10. exd4 Be6 11. O-O Qd7 12. Re1 Rfd8 13. Ne5 Nxe5 14. Bxe5 a6
15. Qc2 g6 16. Na4 Qe8 17. Nb6 Ra7 18. Bc7 Bd6 19. Bxd8 Qxd8 20. Rxe6 fxe6 21.
Qc8 Qe8 22. g4 Bf4 23. Qc5 Qc6 24. Qe7 Bg5 25. Qd8+ Qe8 26. Qc7 Qf8 27. Qe5 Bh4
28. Qxe6+ Kg7 29. Rf1 Qb4 30. Nxd5 Qxd4 31. Qe7+ Kg8 32. Nc7 b5 33. Bc2 Rxc7
34. Qxc7 Qd7 35. Qxd7 Nxd7 36. Rd1 Ne5 37. Rd6 a5 1-0